000 01089nam a22003377a 4500
001 608
005 20230627094209.0
008 230626b cb ||||| |||| 00| 0 eng d
020 _a9781592497454 (case bound bk.)
040 _aDLC
_cDLC
_dDLC
_beng
050 0 0 _aPZ10.3.G153
_bBad 2007
082 0 0 _a[E]
_222
100 1 _aGalvin, Laura Gates,
_d1963-
245 1 0 _aBaby Dolphin's busy day /
_c[by Laura Gates Galvin].
260 _aNorwalk, Conn. :
_bSoundprints,
_c2008.
300 _a16 unnumbered pages :
_bcolor illustrations ;
_c19 cm.
490 0 _aBaby animals
500 _aCover title.
500 _a"Smithsonian Institution."--Cover.
505 _aF
520 _aA mother dolphin teaches her baby how to swim on his back, find food, and jump.
521 _a370
_bLexile
521 _aF
_bRaz-Plus
650 0 _aDolphins
_vNon Fiction.
650 0 _aBoard books.
650 1 _aDolphins
_vNon Fiction.
650 1 _aAnimals
_xInfancy
_vNon Fiction.
650 1 _aBoard books.
906 _a7
_bcbc
_corignew
_d1
_eecip
_f20
_gy-gencatlg
942 _2ddc
_cBK
_n0
999 _c608
_d608